000 01072cam a22003377a 4500
001 000066274
003 CHAP
005 20220329141218.0
008 971010s r 00010 d
010 _a64462
011 _a65434
035 _a72188
040 _cCHAP
090 _aFolleto 5160
100 0 0 _aToledo Culebro, Roberto.
_9113614
245 1 3 _aEl cultivo del maíz en el Distrito de Temporal III, del estado de Veracruz.
260 _aMéxico, D.F. :
_bDirección General de Producción y Extensión Agrícola,
_c[197-?].
300 _a10 p.
590 _aBATCH-UPD
_b10
_c20130109
_lUCH01
_h2326
590 _aBATCH-UPD
_b10
_c20130110
_lUCH01
_h0651
590 _aBATCH-UPD
_b10
_c20130410
_lUCH01
_h0336
590 _aBATCH-UPD
_b10
_c20130913
_lUCH01
_h2150
590 _aCONVERSION
_b10
_c20130109
_lUCH01
_h1335
590 _aE11695DGD
_b10
_c20150519
_lUCH01
_h1158
650 1 4 _aAgricultura de temporal.
_91999
650 1 4 _aDistrito de Temporal No. 3.
_932962
650 1 4 _aMaíz
_xVeracruz.
_971085
901 _aBK
942 _cFOLL
942 _n0
999 _c64462
_d64462